000 00467nam a2200181Ia 4500
005 20250326141746.0
008 250326s9999 xx 000 0 und d
037 _aTextbook
040 _aFMSL
_beng
_cFMSL
041 _aeng
_2eng
084 _qFMSL
100 _aJain P C
245 0 _aBusiness Government and Society
_cJain P C; Jain N K
260 _aJaipur
_bJaipur, Prateeksha Pub.
_c1988
300 _a315p
942 _cTB
999 _c1291835
_d1291835